Loading...
Fine Arts - Classical Music | 6 | 13.33 | 100% | 33% | 0% |
Fine Arts - Other Fine Arts | 7 | 17.14 | 86% | 57% | 29% |
Fine Arts - Painting & Sculpture | 4 | 22.50 | 100% | 50% | 75% |
History - American History | 2 | 10.00 | 0% | 50% | 50% |
History - European History | 5 | 14.00 | 80% | 60% | 0% |
History - Other History | 8 | 10.00 | 88% | 13% | 0% |
History - World History | 6 | 18.33 | 100% | 50% | 33% |
Literature - American Literature | 4 | 12.50 | 75% | 25% | 25% |
Literature - British Literature | 4 | 12.50 | 100% | 25% | 0% |
Literature - European Literature | 6 | 16.67 | 100% | 67% | 0% |
Literature - World Literature | 5 | 12.00 | 80% | 40% | 0% |
Mythology | 4 | 10.00 | 75% | 25% | 0% |
Other | 7 | 22.86 | 100% | 71% | 57% |
Philosophy | 4 | 7.50 | 50% | 25% | 0% |
Religion | 5 | 12.00 | 80% | 20% | 20% |
Science - Biology | 6 | 11.67 | 100% | 17% | 0% |
Science - Chemistry | 3 | 10.00 | 100% | 0% | 0% |
Science - Other Science | 5 | 4.00 | 40% | 0% | 0% |
Science - Physics | 5 | 4.00 | 40% | 0% | 0% |
Social Science | 7 | 11.43 | 86% | 29% | 0% |